Statistiques concernant Very Nice

Cliquez ici pour prendre le quiz!

Statistiques générales

  • Ce quiz a été pris 66 fois
  • Le résultat moyen est 14 sur 26

Statistiques - réponses

HintRéponse% Correct
RStade allianz...Riviera
85%
TUne deuxième ligne a été construite récémmentTram
83%
VFleuve et départementVar
83%
OHuile uttilisée dans la cuisine niçoiseolive
80%
GActeur majeur de l'unité italienne, une célébre place nicoise porte son nomGaribaldi
78%
ECentre commercial au centre de Nice : Nice....Etoile
76%
ICélèbre station de sport d'hiver a 90 minutes de NiceIsola 2000
76%
JAvenue la plus connue de NiceJean medecin
76%
DAlpes-MaritimesDépartement
69%
CColline au centre de Nice connue pour etre un quartier richeCimiez
68%
FCélébre glacier niçoisFenocchio
68%
PBord de mer niçoisPromenade des anglais
66%
SPremière technopole européenneSophia Antipolis
64%
LHugo né a NiceLloris
59%
ASurnom animalier des nicoisAiglons
54%
NPatois nicoisNissart
51%
MParc naturel ou j'ai grandiMercantour
47%
BArrondie littoral au bord de NiceBaie des anges
46%
YChanteur et tennisman au lycée du parc impérialYannick Noah
46%
HProfession de la nicoise Noelle PernaHumoriste
42%
QAutre nom de la promenade des anglaisQuai des états-unis
24%
WDéfensseur sénégalaisWagué
10%
ZLa place masséna en est uneZone piétonne
7%
KGéniale auteur de ce quizKinga
3%
XPériode difficile pour NiceXVI
3%
UOn peut en trouver a Nice mais pas à ParisUn hiver agréable
2%

Distribution des résultats

Percentile par nombre de réponses

% des personnes avec chaque résultat

Votre développement - résultats

Vous n’avez pas pris ce quiz